[Event "BAN Walton 1st League"]
[Site "Dhaka"]
[Date "2016.12.14"]
[Round "9.1"]
[White "Grachev, Boris V"]
[Black "Hossain, Zakir"]
[Result "1-0"]
[WhiteElo "2647"]
[BlackElo "1919"]
[PlyCount "61"]
[EventDate "2016.12.06"]
[EventType "team-tourn"]
[EventRounds "9"]
[EventCountry "BAN"]
[SourceTitle "CBM 176 Extra"]
[Source "ChessBase"]
[SourceDate "2017.03.02"]
[SourceVersion "1"]
[SourceVersionDate "2017.03.02"]
[SourceQuality "1"]
[WhiteTeam "Sheikh Russel Memorial"]
[BlackTeam "Masud Sports"]
[WhiteTeamCountry "BAN"]
[BlackTeamCountry "BAN"]

1. c4 Nf6 2. Nc3 e6 3. e4 d5 4. e5 d4 5. exf6 dxc3 6. bxc3 Qxf6 7. Nf3 Nc6 8. d4 h6 9. Bd3 Bd6 10. 0-0 0-0 11. Qe2 e5 12. c5 Be7 13. d5 Na5 14. Qe4 g6 15. Qa4 b6 16. Bxh6 Bxc5 17. Rae1 Bd6 18. Bxf8 Kxf8 19. Nd2 Bf5 20. Re3 Bxd3 21. Rxd3 Nb7 22. Rf3 Qe7 23. Qg4 Kg7 24. Ne4 f5 25. Rxf5 Nc5 26. Rf6 Qxf6 27. Nxf6 Kxf6 28. h4 Rh8 29. f4 exf4 30. Rxf4+ Bxf4 31. Qxf4+ 1-0